000 00778nam a22002417a 4500
999 _c9508
_d9508
003 AR-CdUCM
008 190328b ||||| |||| 00| 0 spa d
020 _a84-252-0058-X
040 _aMUNICIPALIDAD PROVINCIAL DEL CUSCO
_cBIBLIOTECA MUNICIPAL DEL CUSCO
082 _24ed.
_a634 /
_bT17
100 _aTamaro, D.
_925755
245 _aTratado Fruticultura /
260 _aBarcelona :
_bGustavo Gill,
_c1974.
300 _a939 paginas ;
_c25 cm.
500 _aVersión de la 4a ed. italiana por el Dr. Arturo Caballero.
505 _aContenido: Indice alfabetico -- Indice analitico -- Fruticultura
650 _aFruticultura
_920215
650 _aFrutas
_922329
650 _aPlantas
_919530
700 _aCaballero, Arturo
_925756
942 _2ddc
_cLIBROS
945 _apjha